000 00932nam a22003137a 4500
003 CHAP
005 20220329140458.0
008 971013s1970 r 00010 d
010 _a52559
011 _a53531
035 _a57681
040 _cCHAP
082 _a330.18
_bW6
100 0 0 _aWonnacott, Ronald J.
_9122498
245 _aEconometrics
260 _aNew York :
_bWiley,
_c1970
300 _a445 p.
_b: ilus.
490 _aWiley international edition
590 _aBATCH-UPD
_b10
_c20130110
_lUCH01
_h0117
590 _aBATCH-UPD
_b10
_c20130110
_lUCH01
_h2104
590 _aBATCH-UPD
_b10
_c20130410
_lUCH01
_h1416
590 _aBATCH-UPD
_b10
_c20130914
_lUCH01
_h1257
590 _aCONVERSION
_b10
_c20130109
_lUCH01
_h1328
650 1 4 _aEconometría.
_935201
830 0 _aWiley international edition
_9121936
901 _aBK
942 _cLIBRO
949 _a330.18 W6
_bBC
_cLIBRO
_d33724000316899
_eLIBRO
_h17961
_i57681
_si
999 _c52559
_d52559